All 100 'W' Boy Names that have ever ranked in the top 1000 (US) - Statistics

General Stats
  • This quiz has been taken 38 times
  • The average score is 33 of 100
Answer Stats
Highest Rank Male name % Correct
992 Wiliam
100%
25 Will
100%
2 William
100%
932 Walt
87%
11 Walter
87%
30 Wayne
81%
39 Warren
77%
11 Willie
77%
669 Wes
71%
58 Wesley
71%
797 Wess
71%
131 Wilson
71%
189 Wade
65%
87 Wallace
65%
673 Wayde
65%
396 West
65%
25 Wyatt
65%
601 Wally
61%
378 Warner
61%
639 Werner
61%
78 Walker
55%
597 Westin
55%
70 Weston
55%
786 Westyn
55%
254 Winston
55%
782 Wayland
52%
678 Waylen
52%
62 Waylon
52%
322 Wilber
48%
92 Wilbur
48%
941 Wood
48%
833 Wilhelm
45%
397 Watson
39%
567 Webb
39%
645 Whit
39%
150 Wiley
39%
604 Woodie
39%
605 Woody
39%
984 Wren
39%
460 Wylie
39%
792 Waverly
35%
86 Willis
35%
435 Wilton
35%
164 Wilfred
32%
776 Wilfrid
32%
848 Woodroe
32%
46 Woodrow
32%
478 Walton
29%
252 Ward
29%
354 Wash
29%
846 Winnie
29%
347 Waldo
26%
965 Wendel
26%
114 Wendell
26%
549 Windell
26%
330 Washington
23%
388 Webster
23%
366 Wilder
23%
680 Wylder
23%
376 Wells
19%
638 Westley
19%
572 Whitney
19%
160 Wilbert
19%
256 Wilmer
19%
994 Wing
19%
596 Wright
19%
791 Weaver
16%
345 Wilford
16%
515 Williams
16%
608 Wong
16%
800 Wesson
13%
58 Willard
13%
574 Watt
10%
324 Weldon
10%
502 Wellington
10%
845 Welton
10%
524 Wheeler
10%
566 Wilfredo
10%
743 Winton
10%
647 Worth
10%
730 Wardell
6%
939 Wenzel
6%
801 Wilkie
6%
386 Winfred
6%
601 Willian
3%
122 Winfield
3%
904 Winthrop
3%
703 Wirt
3%
693 Woodson
3%
870 Wyman
3%
878 Waldemar
0%
762 Wayman
0%
642 Waymon
0%
354 Wilburn
0%
951 Willaim
0%
525 Willam
0%
774 Williard
0%
600 Winford
0%
376 Wm
0%
639 Worley
0%
No matching quizzes found
Score Distribution
Percent of People with Each Score
Percentile by Number Answered
Your Score History
You have not taken this quiz